000 00513nam a2200181Ia 4500
005 20250317122849.0
008 008 250317s9999 xx 000 0 eng d
037 _aTextbook
040 _aFMSL
_beng
_cFMSL
041 _aeng
_2eng
084 _aD658(B) N4
_qFMSL
100 _aFisher F P
_9735677
245 0 _aComputer programming systems
260 _aNY Holt
_bNY Holt, Rinehart
_c1964
300 _a643p
942 _cTB
_hD658(B) N4
999 _c1248964
_d1248964